Verses in a Vedantic Vein/ (Record no. 197424)

MARC details
000 -LEADER
fixed length control field 00431nam a22001697a 4500
005 - DATE AND TIME OF LATEST TRANSACTION
control field 20230912111913.0
010 ## - LCCN (DPL NO)
LC control number ENG-137864
020 ## - INTERNATIONAL STANDARD BOOK NUMBER
Terms of availability 240.00
035 ## - SYSTEM CONTROL NUMBER
System control number EN-121396
037 ## - SOURCE OF ACQUISITION
Source of stock number/acquisition DBAD/PUB
082 ## - DEWEY DECIMAL CLASSIFICATION NUMBER
Classification number 881
100 ## - MAIN ENTRY--PERSONAL NAME
Personal name Haravu,L Jayaram
245 ## - TITLE STATEMENT
Title Verses in a Vedantic Vein/
Statement of responsibility, etc By L Jayaram Haravu
260 ## - PUBLICATION, DISTRIBUTION, ETC. (IMPRINT)
Name of publisher, distributor, etc L Jayaram Haravu
300 ## - PHYSICAL DESCRIPTION
Extent 96p.
Dimensions 22cm(pbk)
942 ## - ADDED ENTRY ELEMENTS (KOHA)
Source of classification or shelving scheme Dewey Decimal Classification
Item type English Books
Classification part 881
Call number suffix HAR
Holdings
Withdrawn status Lost status Not for loan Collection code Home library Current library Date acquired Source of acquisition Cost, normal purchase price Full call number Barcode Copy number Cost, replacement price Koha item type
      Non-fiction Vinoba Puri Vinoba Puri 23/08/2023 DBAD/PUB 240.00 881 HAR EN-121396 1 240.00 English Books

© Delhi Public Library
Hit Counter
free hit counter